| 000 | 00568cam a22002291 4500 | ||
|---|---|---|---|
| 001 | sa 68001725 | ||
| 003 | DLC | ||
| 005 | 20260227112436.0 | ||
| 008 | 890913s1967 ii 000 1 orio | ||
| 010 | _asa 68001725 | ||
| 035 | _a(OCoLC)20337498 | ||
| 040 |
_aDLC _cWaU _dDLC |
||
| 042 | _apremarc | ||
| 050 | 0 | 0 |
_aPK2579.P3 _bS9 |
| 100 | 1 |
_aPaṭṭanāẏaka, Bibhūti, _d1936- |
|
| 245 | 1 | 0 | _aSultānā. |
| 260 | _c[1967] | ||
| 300 |
_a199 p. _c22 cm. |
||
| 500 | _aIn Oriya. | ||
| 500 | _aA novel. | ||
| 600 | 0 | 0 |
_aRaziya, _cSultana of Delhi, _d-1240 _vFiction. |
| 999 |
_c78181 _d78181 |
||